Mémoires d'outre-tombe (Registro nro. 5446)
[ vista simple ]
| 000 -ENCABEZADO | |
|---|---|
| Número de control [NR] | 00915nam a2200193Ia 4500 |
| 008 - DE LONGITUD FIJA DE DATOS DE ELEMENTOS - INFORMACIÓN GENERAL | |
| Elementos de longitud fija [NR] | 130821s1973 fr gr fre |
| 040 ## - FUENTE DE CATALOGACION [NR] | |
| Agencia de catalogación original [NR] | Co-BoUCM |
| Idioma de catalogación [NR] | spa |
| 041 ## - CODIGO DE IDIOMA [R] | |
| Código de idioma para texto/pista de sonido o título separado [R] | Francés |
| 100 ## - ASIENTO PRINCIPAL--NOMBRE PERSONAL [NR] | |
| Nombre personal [NR] | Chateaubriand, Francisco Renato |
| 245 ## - MENCION DE TITULO [NR] | |
| Título [NR] | Mémoires d'outre-tombe |
| Mención de responsabilidad, etc. [NR] | Francisco Renato Chateubriand; Notas biográficas, históricas, literarias y explicativas de Pierre Lutreau |
| 260 ## - PUBLICACION, DISTRIBUCION, ETC. (PIE DE IMPRENTA) [R] | |
| Lugar de publicación, distribución, etc. [R] | Paris (Francia) |
| Nombre del editor, distribuidor, etc. [R] | Larousse |
| Fecha de publicación, distribución, etc. [R] | 1973 |
| 300 ## - DESCRIPCION FISICA [R] | |
| Extensión [R] | 2 volúmenes |
| 490 ## - MENCION DE SERIE [R] | |
| Mención de serie [R] | Nouveaux Classiques Larousse |
| 500 ## - NOTA GENERAL [R] | |
| Nota general [NR] | Extraits.-- Avex une notice biographique.-- Une Notices historique et littéraire.-- des notes explicatives.-- Une documentation thematiques jugements.-- Un questionnaire et des sujets de devoirs |
| 650 04 - ASIENTO SECUNDARIO DE MATERIA - TERMINO TEMATICO [R] | |
| Término temático o nombre geográfico como elemento de entrada [NR] | Literatura francesa |
| 9 (RLIN) | 7794 |
| 700 ## - ASIENTO SECUNDARIO - NOMBRE PERSONAL [R] | |
| Nombre personal [NR] | Lutreau, Pierre, Notas Biográficas, Literarias, Históricas y Explicativas |
| 942 ## - ELEMENTOS DE ENTRADA AGREGADOS (KOHA) | |
| Tipo de ítem principal el descrito en 300a | Libro |
| Tema principal | Literatura |
| Edición | 1 |
| Parte restante de la signatura top. | CH17 |
| Sistema de clasificación | DEWEY |
| Clasificación | 840 |
| Fecha de último préstamo | Total préstamos | Signatura topográfica | Código de barras | Última vez visto | Volúmen / Fascículo | Ejemplar | Price effective from | Tipo de ítem | Perdido | Sistema de clasificación | Dañado | No prestable | Tipo de ítem específico | Suprimido | Ubicación habitual | Ubicación actual | Localización | Fecha de creación | Forma de adquisición | Costo |
|---|---|---|---|---|---|---|---|---|---|---|---|---|---|---|---|---|---|---|---|---|
| 15/05/2006 | 1 | 840 CH17 | 100021129 | 09/12/2025 | V.1 | Ej.1 | 03/02/2013 | Libro | DEWEY | Libro | Claustro | Claustro | 2do piso | 28/02/2003 | Donación | 120.00 | ||||
| 840 CH17 | 100021130 | 09/12/2025 | V.2 | Ej.1 | 03/02/2013 | Libro | DEWEY | Libro | Claustro | Claustro | 2do piso | 28/02/2003 | Donación | 120.00 |